Guess the Bollywood Movies with the Bad Description - Statistics

General Stats
  • This quiz has been taken 17 times
  • The average score is 5 of 15
Answer Stats
Bad Description Answer % Correct
Two couples go to a doctor for a baby, the doctor messes up in a really dumb way, and now everyone’s pregnant with the “wrong” baby. Instead of solving it normally, they just move in near each other, argue nonstop, cry a lot, and somehow become friends while the situation keeps getting more chaotic for no reason. Good Newwz
86%
Two random people start some wedding business in Delhi, argue a lot, maybe fall in love for no real reason, and just deal with messy drama while planning other people’s weddings Band Baaja Baaraat
79%
Three struggling flight attendants get dragged into a gold smuggling scheme, then slowly turn into criminals to survive. Everyone is secretly cheating, stealing, or framing someone else, until they outsmart the real masterminds. In the end, they keep some of the gold and get away with it Crew
64%
A cable TV guy’s family gets tangled in a death, so he builds a giant web of fake alibis, random trips, and misleading clues while the police chase their own tails. Everyone suspects everyone, nothing lines up, and the truth is hidden somewhere completely obvious but also not. In the end, the cops lose, the family wins, and you’re still not fully sure what actually happened Drishyam
50%
A messy political family drama where brothers, rivals, and secret relatives constantly betray and kill each other over power. Hidden identities are revealed, relationships overlap, elections turn violent, and almost everyone gets caught in revenge plots. By the end, most key people are dead, one woman becomes Chief Minister, and the surviving characters just leave or move on like none of it made sense Raajneeti
43%
A rich man abuses his wife, gets caught in a twin-swap revenge plot during a paragliding incident, and is arrested for attempted murder. A cop later realizes the sisters tricked the system, but lets it slide anyway, and he ends up in jail while “justice” is declared Do Patti
36%
A stepmother tries to bond with her stepdaughter, but after she’s brutally attacked and the courts fail, the stepmother takes revenge on the perpetrators one by one. A cop gets suspicious, everything escalates into violence, and it ends with the stepdaughter finally accepting her after all the chaos Mom
36%
A woman’s husband leaves, then a ghost shows up pretending to be him for no clear reason, and she just goes along with it while everything gets confusing and weird Paheli
29%
A cop recalls how his attempts to control Mumbai’s underworld backfired, leading a ruthless young man to rise from a smuggler’s protégé into a violent crime lord who kills his mentor and takes over the city, while the cop lives with the guilt of it all Once Upon a Time in Mumbaai
21%
A guy helps someone elope, then randomly agrees to marry someone he barely knows. Another girl runs away from her own wedding, pretends to be that bride for no solid reason, and everyone somehow believes it. There’s a lot of lying, pointless confusion, and random schemes until the truth comes out—but somehow everyone’s fine with it and they just get married anyway Ready
21%
A guy fraudulently gets a government job and gets stuck repeating his wedding eve until he fixes his mistake. He eventually gives the job back to its rightful owner, breaks the loop, loses everything, and still somehow gets married at the end Bhool Chuk Maaf
14%
A guy fails an exam and does something ridiculously extreme to fix it, then moves to another college where he immediately forgets about studying and chases a girl with a complicated forced marriage situation. After some fights and random drama, she gets kidnapped by a gangster who wants him to marry his daughter instead. From there, it turns into total chaos with love triangles, dumb tricks, and constant flip-flopping feelings until everyone randomly ends up with someone and it somehow counts as a happy ending Main Tera Hero
14%
A happy-go-lucky guy accidentally becomes a gangster “king” due to misunderstandings, causes chaos in Australia, gets caught in a love triangle and betrayals, and eventually everything is forgiven and he ends up married while everyone suddenly becomes good Singh Is Kinng
14%
A super serious cop with no personality meets a woman, randomly falls in love after saying he wouldn’t, and then everything turns into nonstop tragedy. Villains keep showing up, everyone keeps dying in overly dramatic ways, and it’s basically just a cycle of revenge, sadness, and more chaos until the end Force
0%
A small stolen object drags a couple into theft, blackmail, and accidental murders tied to a hidden political scandal. Chaos escalates with bodies and cover-ups everywhere. In the end, they survive and walk away with leverage over a politician Toaster
0%
No matching quizzes found
Score Distribution
Percent of People with Each Score
Percentile by Number Answered
Your Score History
You have not taken this quiz